000
00343nam a22001457a 4500
008
231124b ||||| |||| 00| 0 eng d
020
_a
9781567318036
041
_a
eng
080
_a
159.9
082
_a
159.9TER
100
_a
25
101
_a
PSI
245
_a
SMALL CHANGE LITTLE THINGS MAKE A BIG DIFFERENCE
_c
TERKEL.S
942
_2
udc
_c
BK
999
_c
60533
_d
60533